Atlas prc̀tico-criminolg̤ico de psicometra̕ forense Tentativas de asesinatos / Volumen II

Detalles Bibliográficos
Autor principal: Tiffon Nonis, Bernat-Nol︠
Formato: eBook
Lenguaje:español
Publicado: Barcelona: J.M. Bosch Editor, 2019
Materias:
Acceso en línea:Acceso restringido

MARC

LEADER 00000nam a22000007a 4500
005 20200302230313.0
007 cr|||| ||||
008 200302s2019 es |||||s|||| 00||0 spa d
020 |a 978-84-121029-7-0 
035 |a 31113 
040 |a vLex 
090 |c 10148  |d 10148 
100 1 |a Tiffon Nonis, Bernat-Nol︠ 
245 1 0 |a Atlas prc̀tico-criminolg̤ico de psicometra̕ forense  |h [Recurso electrn̤ico] :  |b Tentativas de asesinatos /  |c Bernat-Nol︠ Tiffon Nonis  |n Volumen II 
256 |a Servicio en ln̕ea 
260 |a Barcelona:  |b J.M. Bosch Editor,  |c 2019 
300 |a 1 recurso electrn̤ico 
500 |a Con este presente 2ð. Volumen, se prosigue la obra iniciada con el anterior que versa sobre ±Asesinatos». La coleccin̤, que integra 4 volm︢enes, presenta un nexo vertebrador comn︢ que trata sobre la Psicometra̕ Forense y Criminolg̤ica. En el presente caso, se profundiza sobre la Psicometra̕ Forense y Criminolg̤ica de sujetos que han perpetrado tentativas de asesinatos u homicidios, ya sea desde el nocivo infl ujo de un trastorno mental como en ausencia de dicha disfuncin̤ psq̕uica. Desde el punto de vista jurd̕ico-legal y a lo largo de todo el resto de los volm︢enes que confi - guran toda la obra entera, el autor expone –de manera magistral– la casus̕tica psicolg̤ica-forense y criminolg̤ica distinguiňdolas por las tres condiciones por las que el Tribunal resuelve segn︢ sentencia: por absolucin̤, por sentencia condenatoria con atenuante y por sentencia condenatoria con plena responsabilidad criminal. En el contenido del presente volumen –eminentemente prc̀tico–, se recogen 10 casos en los que se viene a exponer psicomťricamente las grf̀i cas psicolg̤icas de los sujetos que han sido acusados de tentativas de asesinato y por las que han tenido resolucin̤ judicial por sentencia. Desde el punto de vista del interš psicolg̤ico-forense, se trata de una obra que puede ser t︢il para los estudiantes y profesionales de distintas disciplinas acadm̌icas: Salud Mental (Psicl̤ogos y Psiquiatras); Operadores Jurd̕icos (Letrados, Jueces y Magistrados, Fiscales); Criminl̤ogos; Investigadores Privados u Operadores de las Fuerzas Pb︢licas del Orden y de la Seguridad. No obstante, el autor quiere seąlar que, aunque la presente obra pudiera ser de interš para estudiantes (en concreto de Psicologa̕ y/o de Psiquiatra̕), dichos colectivos acadm̌icos no encontrarǹ conceptos tales como, por ejemplo, ±Fiabilidad» o ±Validez» (de una prueba psicolg̤ica). La presente obra supone un cierto grado de conocimiento de psicopatologa̕ y de conocimientos previos sobre Psicometra̕ aplicada en el m̀bito Forense. El presente volumen viene a completarse con distintas intervenciones y palabras de introduccin̤ de notorias personalidades acadm̌icas y autores del m̀bito psiquit̀rico-psicolg̤ico, del derecho y criminolg̤ico-forense de amplio y reconocido prestigio, sea nacional como internacional; y a quienes el autor agradece su desinteresada y gentil colaboracin̤ de manera expresa. 
506 1 |a Disponible solo en los productos indicados  |d vLex Global  |d vLex Global (Academic Edition, excluding Law Schools)  |d vLex Global (U.S. Academic Edition, Law Schools)  |d vLex Global (U.S. Academic Edition, excluding Law Schools)  |d vLex Global (Academic Edition, Law Schools) 
650 0 4 |a Derecho Penal  |z Espaą 
740 0 |a vLex Libros (Servicio en ln̕ea) 
856 4 0 |u http://vlex.com/source/atlas-practico-criminologico-de-psicometria-forense-volumen-ii-tentativas-de-asesinatos-31113  |z Acceso restringido 
942 |c BOOK 
999 0 |a Criminal law